000 00483nam a2200193Ia 4500
003 OSt
005 20251223111242.0
008 220923b |||||||| |||| 00| 0 ben d
037 _cTB
040 _aARTS
_cARTS
_bben
041 _2ben
_aben
084 _aO157,1M60,PR E2
_qAL
100 _aBaral
_9210483
245 0 _aPradip
260 _c1955
650 _aBENGALI LITERATURE
_9858908
942 _hO157,1M60,1, J5
_cTB
_2CC
_n0
999 _c441140
_d441140